• 首页
  • 本馆介绍
  • 公告通知
  • 最新文献
  • 馆藏检索
  • 电子资源
  • 读者导购
  • 参考咨询
  • 我的图书馆
  • 登录
  • 详细信息显示
  • 放入我的书架
  • 预约/预借图书
  • 作者相关作品
  • 分类相关作品
  • 丛书相关作品
  • 出版社相关作品

书目信息

  • 表格格式
  • 工作单格式
  • 卡片格式
题名:
新来的县委书记
    
 
作者: 孙谦, , 马烽, 著
分册:  
出版信息: 北京   中国电影出版社  1979
页数: 101页
开本: 19cm
丛书名:
单 册:
中图分类: I235.17 , I23
科图分类:
主题词: 电影文学剧本--中国--现代
电子资源:
ISBN:
000 00634nam0 2200229 450
001 1557403025
005 20150126155711.07
091    @a10061.309@dCNY0.30
100    @a20120720d1979 em y0chiy0121 ea
101 0  @achi
102    @aCN@b110000
105    @ay z 000by
200 1  @a新来的县委书记@9xin lai de xian wei shu ji@f孙谦,马烽著
210    @a北京@c中国电影出版社@d1979
215    @a101页@d19cm
606 0  @a电影文学剧本@y中国@z现代
690    @aI235.17@v5
690    @aI23@v4
701  0 @a孙谦,@9sun qian@f1920-1996@4著
701  0 @a马烽,@9ma feng@f1922-@4著
801  0 @aCN@bTSSF@c20150126
905    @aZUCC@dI23@eJY51
    
    新来的县委书记/孙谦,马烽著.-北京:中国电影出版社,1979
    101页;19cm
    
    
    ISBN :
    
●
相关链接 在E读中查询图书 在五车中查询图书 在当当中查询图书 在豆瓣中查询图书


正题名:新来的县委书记     索取号:I23/JY51         预约/预借

序号 登录号 条形码 馆藏地/架位号 状态 备注
1 7837793   278377935   学院路分馆/ [索取号:I23/JY51] 在馆    
2 7837794   278377944   学院路分馆/ [索取号:I23/JY51] 在馆    
唐山师范学院图书馆 欢迎您!
大连网信软件有限公司© 版权所有